000
00373nam a2200169Ia 4500
005
20250423094448.0
008
250422s9999 xx 000 0 und d
020
_a
0443079889
050
_a
RD 81 .A54/
245
0
_a
Anesthesia
250
_a
5th ed.
260
_a
Philadelphia
260
_b
Churchill Livingstone
260
_c
2000
300
_a
1662 p
942
_c
BK
999
_c
27311
_d
27311